DeGarmo's Materials and Processes in Manufacturing (Record no. 14096)

MARC details
000 -LEADER
fixed length control field 00391nam a2200145Ia 4500
008 - FIXED-LENGTH DATA ELEMENTS--GENERAL INFORMATION
fixed length control field 230312s9999||||xx |||||||||||||| ||und||
020 ## - INTERNATIONAL STANDARD BOOK NUMBER
International Standard Book Number 978-8126572632
082 ## - DEWEY DECIMAL CLASSIFICATION NUMBER
Classification number 670
Item number BLA-D
100 ## - MAIN ENTRY--PERSONAL NAME
Personal name Black, J. Temple
245 #0 - TITLE STATEMENT
Title DeGarmo's Materials and Processes in Manufacturing
260 ## - PUBLICATION, DISTRIBUTION, ETC.
Name of publisher, distributor, etc. Wiley
Place of publication, distribution, etc. India
Date of publication, distribution, etc. 2018
300 ## - PHYSICAL DESCRIPTION
Extent S11
650 ## - SUBJECT ADDED ENTRY--TOPICAL TERM
Topical term or geographic name entry element Engineering
Form subdivision Electrical/Mechanical
942 ## - ADDED ENTRY ELEMENTS (KOHA)
Koha item type BOOK
Holdings
Withdrawn status Lost status Source of classification or shelving scheme Damaged status Not for loan Home library Current library Date acquired Total Checkouts Full call number Barcode Date last seen Copy number Price effective from Koha item type
    Dewey Decimal Classification     Superior Information Resource Center (SIRC) Superior University- Main Campus Superior Information Resource Center (SIRC) Superior University- Main Campus 03/13/2023   670 BLA-D 2018 14231 03/13/2023 1 03/13/2023 BOOK
    Dewey Decimal Classification     Superior Information Resource Center (SIRC) Superior University- Main Campus Superior Information Resource Center (SIRC) Superior University- Main Campus 08/26/2025   670 BLA-D 2018 14232 08/26/2025 2 08/26/2025 BOOK

Powered by Koha